000 00751nam a22002177a 4500
005 20251108170606.0
008 250721s1999 xx 000 0 ara d
082 1 4 _aط/م/574.87/لان
100 1 _aلاندا، نورربرت
245 1 0 _aعالم الخلية العجيب :
_bرحلة علمية إستكشافية مذهلة داخل الخلية /
264 1 _aالقاهرة :
_bدار الشروق،
_c1999.
300 _a45ص.
490 0 _aالمستكشفون الميكروسكوبيون
650 1 7 _aالخلايا
650 1 7 _aالمجاهر
653 _aناشئون كبار (15-18) سنة
700 1 _aباورل، باتريك
700 1 _aشحاته، زينب
_eترجمة
942 _2ddc
_cBK
999 _c44293
_d44293